Highest Goalscorers in Europes Top 5 Leagues 2021/22 - Statistics

General Stats
  • This quiz has been taken 1,150 times
  • The average score is 25 of 58
Answer Stats
League # Goals Club Answer % Correct
La Liga 1 27 Real Madrid Karim Benzema
90%
Premier League 4 17 Tottenham Hotspur Harry Kane
89%
Ligue 1 1 28 Paris Saint-Germain Kylian Mbappé
89%
Premier League 1 23 Liverpool Mohamed Salah
89%
Premier League 3 18 Manchester United Cristiano Ronaldo
87%
Bundesliga 1 35 Bayern Munich Robert Lewandowski
87%
Premier League 1 23 Tottenham Hotspur Son Heung-Min
87%
Serie A 1 27 Lazio Ciro Immobile
85%
Premier League 5 16 Liverpool Sadio Mané
85%
Premier League 6 15 Leicester City Jamie Vardy
82%
La Liga 3 17 Real Madrid Vinicius Junior
80%
Bundesliga 3 22 Borussia Dortmund Erling Håland
75%
Premier League 6 15 Manchester City Kevin De Bruyne
75%
Serie A 3 21 Inter Milan Lautaro Martinez
74%
Ligue 1 9 13 Paris Saint-Germain Neymar
74%
Serie A 2 24 Juventus / Fiorentina Dušan Vlahović
73%
Premier League 6 15 Liverpool Diogo Jota
66%
Premier League 10 13 Manchester City Raheem Sterling
63%
La Liga 2 18 Celta Vigo Iago Aspas
62%
Premier League 9 14 Crystal Palace Wilfried Zaha
62%
Serie A 4 17 AS Roma Tammy Abraham
55%
Bundesliga 7 14 Bayern Munich Serge Gnabry
54%
Serie A 9 14 Napoli Victor Osimhen
51%
Ligue 1 2 25 AS Monaco Wissam Ben Yedder
51%
Serie A 10 13 Inter Milan Edin Džeko
49%
La Liga 9 12 Barcelona Memphis Depay
47%
Serie A 7 15 Sassuolo Domenico Berardi
44%
Bundesliga 4 20 RB Leipzig Christopher Nkunku
43%
Bundesliga 2 24 Bayer Leverkusen Patrik Schick
42%
Ligue 1 3 21 Olympique Lyon Moussa Dembélé
38%
Ligue 1 6 15 Lille Jonathan David
31%
Ligue 1 10 12 Olympique Marseille Dimitri Payet
25%
Bundesliga 4 20 FC Koln Anthony Modeste
24%
Serie A 4 17 Hellas Verona Giovanni Simeone
24%
La Liga 9 12 Atletico Madrid Ángel Correa
23%
Bundesliga 8 13 Bayer Leverkusen Moussa Diaby
22%
La Liga 3 17 Espanyol Raúl de Tomás
22%
La Liga 7 14 Deportivo Alaves Joselu
21%
Serie A 6 16 Sassuolo Gianluca Scamacca
20%
Ligue 1 3 21 Rennes Martin Terrier
16%
Serie A 8 14 Bologna Marko Arnautović
15%
Bundesliga 9 12 Wolfsburg / Union Berlin Max Kruse
15%
La Liga 8 13 Levante José Luis Morales
13%
La Liga 5 16 Getafe Enes Ünal
11%
Ligue 1 6 15 Rennes Gaetan Laborde
11%
Serie A 10 13 Cagliari João Pedro
11%
Bundesliga 9 12 Borussia Monchengladbach Jonas Hofmann
11%
Ligue 1 10 12 Olympique Lyon Karl Toko-Ekambi
11%
Ligue 1 5 18 Nice Andy Delort
10%
Serie A 10 13 Udinese Gerard Deulofeu
10%
Bundesliga 6 15 Union Berlin Taiwo Awoniyi
10%
Ligue 1 10 12 Strasbourg Ludovic Ajorque
8%
Serie A 10 13 Atalanta Mario Pašalić
8%
Ligue 1 10 12 Nantes Randal Kolo Muani
8%
Serie A 10 13 Empoli Andrea Pinamonti
6%
La Liga 5 16 Real Betis Juanmi
6%
Ligue 1 8 14 Clermont Mohamed Bayo
6%
Ligue 1 10 12 RC Lens Arnaud Kalimuendo-Muinga
5%
No matching quizzes found
Score Distribution
Percent of People with Each Score
Percentile by Number Answered
Your Score History
You have not taken this quiz